| 000 | 01059nam a22002777a 4500 | ||
|---|---|---|---|
| 003 | dpl | ||
| 005 | 20180911152937.0 | ||
| 008 | 180911b xxu||||| |||| 00| 0 eng d | ||
| 010 | _aB-052460 | ||
| 020 | _c200.00 | ||
| 035 | _aB-052460, B-052468 | ||
| 037 | _bCen Lib/Ret | ||
| 040 |
_aDPL _bHN _c0 |
||
| 082 |
_aउ _bमुन्शीके |
||
| 100 |
_aमुन्शी, के.एम. _964477 |
||
| 245 |
_aस्वप्नदृष्टा / _cके.एम.मुन्शी |
||
| 246 |
_aSwapndrishta / _bby K.M.Munshi |
||
| 260 |
_aदिल्ली _bसाहित्य सुरभि _c2001 |
||
| 270 |
_a1/9427, वैस्ट रोहतास नगर _bदिल्ली _e110032 |
||
| 300 |
_a207पृ. _c21सेमी (सजिल्द) |
||
| 650 |
_aहिन्दी -- साहित्य _964478 |
||
| 650 |
_aहिन्दी -- उपन्यास _964479 |
||
| 650 |
_aHindi -- Literature _964480 |
||
| 650 |
_aHindi -- Fiction _927248 |
||
| 942 |
_2ddc _cHN _hउ _mमुन्शीके |
||
| 999 |
_c116032 _d116032 |
||